Spolupracujete s kvalitním speditérem?

Výber špeditéra pre medzinárodnú prepravu kusovej zásielky. Kritériá: celkový rozsah služieb, komplexnosť služieb, colné služby a garancia, väzba na možnosti skladovania, možnosť pripoistenia, väzba na zahraničných partnerov, pravidelnosť, množstvo výjazdov pravidelných liniek, dodacie lehoty, flexi...

Ausführliche Beschreibung

Gespeichert in:
Bibliographische Detailangaben
1. Verfasser: Návrat, V.
Format: Buchkapitel
Sprache:Tschechisch
Schlagworte:
Tags: Tag hinzufügen
Keine Tags, Fügen Sie das erste Tag hinzu!

MARC

LEADER 00000naa a2200000 4500
001 r020283
005 20230922085906.7
041 0 |a cze 
044 |a CZ 
245 1 0 |a Spolupracujete s kvalitním speditérem?  |c V. Návrat 
520 |a Výber špeditéra pre medzinárodnú prepravu kusovej zásielky. Kritériá: celkový rozsah služieb, komplexnosť služieb, colné služby a garancia, väzba na možnosti skladovania, možnosť pripoistenia, väzba na zahraničných partnerov, pravidelnosť, množstvo výjazdov pravidelných liniek, dodacie lehoty, flexibilita, špeciálne požiadavky, informačný tok, odbornosť, typy logistických operácií, dodržovanie cenových kalkulácií, garancie špeditéra v prípade straty alebo poškodenia zásielky, cenová politika. 
610 2 0 |a logistika 
610 2 0 |a preprava 
610 2 0 |a politika cenová 
610 2 0 |a zasielatelia 
610 2 0 |a kalkulácia cenová 
610 2 0 |a tok informácií 
100 1 |a Návrat, V.